Niklas Luhmann y el legado universalista de su teoría: aportes para el análisis de la complejidad social contemporánea

Guardat en:
Dades bibliogràfiques
Autors principals: Cadenas, Hugo (Autor), Urquiza, Anahí (Autor)
Altres autors: Mascareño Lara, Aldo (autor)
Format: Llibre
Idioma:espanyol
Publicat: Santiago Ril Editores 2012
Matèries:
Etiquetes: Afegir etiqueta
Sense etiquetes, Sigues el primer a etiquetar aquest registre!

MARC

LEADER 00000cam a2200000 a 4500
001 UCF6590
003 CL-VaPUC
008 130509e20120000CL |||||||||||||||||spa|d
020 |a 9789562848633 
082 0 4 |a 301  |b CAD  |2 21 
100 0 |a Cadenas, Hugo  |e author  |9 568572 
700 |a Mascareño Lara, Aldo  |e autor  |9 542101 
700 0 |a Urquiza, Anahí  |e author  |9 568574 
245 1 0 |a Niklas Luhmann y el legado universalista de su teoría: aportes para el análisis de la complejidad social contemporánea 
300 |a 520 p 
942 |c BK 
945 |d 20130509 00:00:00  |a dcastane 
260 |a Santiago  |b Ril Editores  |c 2012 
650 0 |a Sociología   |9 255410 
650 0 |a Teoría sociológica  |9 404315 
583 |a last modification  |c 20130509 12:56:00  |k Rodrigo Vera 
999 |c 351732  |d 351730 
952 |0 0  |1 0  |4 0  |6 301_000000000000000_CAD_2012  |7 0  |8 A  |9 456045  |a BIBHIS  |b BIBHIS  |d 2019-11-22  |i 4969715  |o 301 CAD 2012  |p 4969715  |r 2025-01-20  |w 2019-11-22  |y BK  |k HIS